War in the Answers - Statistics

General Stats
  • This quiz has been taken 78,796 times
    34,229 since last reset
  • The average score is 13 of 20
Answer Stats
Clue Answer % Correct
Capital of Poland Warsaw
98%
Movie that introduced the lightsaber Star Wars
96%
A war within a single country Civil war
94%
Team rope-pulling contest Tug of war
82%
War symbolized by the Berlin Wall Cold War
80%
Original name of World War One The Great War
78%
What P.O.W. stands for Prisoner of War
77%
All is fair in ... Love and war
72%
Tolstoy novel War and Peace
72%
Violation of the Geneva Convention War crime
72%
Term for a male witch or sorcerer Warlock
72%
War engaged in by eager buyers at an auction Bidding war
70%
Book credited to Sun Tzu The Art of War
67%
The third Avengers movie Infinity War
59%
Crusade or jihad, for example Holy war
58%
War fought by Achilles and Hector Trojan War
56%
Head honcho at a prison Warden
54%
Town in England just south of Coventry Warwick
37%
Cry havoc! And let slip the ... Dogs of war
28%
"Princess Bride" advice: Never get involved in a ____ ___ in Asia Land war
26%
No matching quizzes found
Score Distribution
Percent of People with Each Score
Percentile by Number Answered
Your Score History
You have not taken this quiz since the last reset